000 01085nam1a2200301 i 4500
001 RU\NLR\bibl\109284
005 20260406151728.0
035 _a(NLR Aleph) 000106953
090 _a605750
_c605750
100 _a20000921g20009999m y0rusy50 ca
101 0 _arus
102 _aRU
105 _a||||z |||||
200 1 _aПреображение
_fНадежда Семенова
210 _aМ.
_aСПб.
_cДИЛЯ
_d2000
215 _d20
225 1 _aИсцелит тебя Надежда!
463 0 _1001104181
463 0 _1001104183
606 0 _aНетрадиционные методы в медицине
_91392666
_3RU\NLR\auth\66585474
606 _aТерапия нетрадиционная
_92050901
_3RU\NLR\auth\66946143
686 _aР358.9
700 1 _4070
_8rus
_7ca
_aСеменова
_bН. А.
_cканд. биол. наук
_f1941-
_gНадежда Алексеевна
_3RU\NLR\auth\775491
_9115455
801 0 _aRU
_bNLR
_c20000921
_gPSBO
801 1 _aRU
_bNLR
_c20000921
852 _aNLR
_j2000-3/7930
942 _cBOOK